| 000 | 01919nam2a2200277 4500 | ||
|---|---|---|---|
| 001 | RU\NLR\BIBL_A\012597803 | ||
| 005 | 20250624081938.0 | ||
| 010 |
_a978-5-86465-586-3 _9300 |
||
| 035 | _a(NLR Aleph) 012597803 | ||
| 090 |
_a12572668 _c12572668 |
||
| 100 | _a20210917d2013 |||y0rusy50 ca | ||
| 101 | 0 | _arus | |
| 102 | _aRU | ||
| 105 | _ay z 000zy | ||
| 200 | 1 | _aОчерки истории | |
| 210 |
_d2013 _aБ. м. |
||
| 215 | _a358, [1] с. | ||
| 320 | _aБиблиогр. в подстроч. примеч. | ||
| 461 | 0 |
_1001RU\NLR\BIBL_A\012599077 _12001#$aОбретение Родины: общество и власть в Среднем Поволжье (вторая половина XVI - начало XX в.)$eмонография$fП.С. Кабытов, Э.Л. Дубман, О.Б. Леонтьева [и др.]$gпод редакцией П.С. Кабытова [и др.]$gМинистерство образования и науки Российской Федерации, Федеральное государственное бюджетное образовательное учреждение профессионального образования "Самарский государственный университет"$vЧ. 1 _912576421 _cСамара _d2013 _fП.С. Кабытов, Э.Л. Дубман, О.Б. Леонтьева [и др.] _nСамарский университет _oмонография _tОбретение Родины: общество и власть в Среднем Поволжье (вторая половина XVI - начало XX в.) _vЧ. 1 |
|
| 606 | 1 |
_aОрганы местного самоуправления _xИстория _yПоволжье Среднее _92098692 _3RU\NLR\AUTH\661573056 |
|
| 686 | 1 | _aХ2(2)5-523 | |
| 942 | _cBOOK | ||
| 980 | _aNB | ||